[Event "Sparkassen-Open A"]
[Site "Heusenstamm, Martinsee"]
[Date "2018.11.23"]
[Round "2.11"]
[White "FrÃ¼bing, Stefan"]
[Black "Lesny, Florian"]
[Result "1-0"]
[WhiteElo "2406"]
[BlackElo "2067"]
[PlyCount "113"]
[EventDate "2018.??.??"]
[WhiteTeam "SK KÃ¶nig Tegel"]
[BlackTeam "SK Niederbrechen"]

1. e4 c5 2. Nf3 d6 3. Bb5+ Bd7 4. Bxd7+ Qxd7 5. c4 Nc6 6. d4 cxd4 7. Nxd4 Nf6
8. Nc3 g6 9. f3 Bg7 10. Be3 Rc8 11. b3 O-O 12. O-O a6 13. a4 Qc7 14. Qd2 e6 15.
Rfd1 Rfd8 16. Rac1 Ne8 17. Nde2 Rd7 18. Kh1 Rcd8 19. Qe1 Nf6 20. Qf2 Qb8 21.
Bb6 Re8 22. Qg3 Nh5 23. Qh3 Nf6 24. Rc2 Ne7 25. f4 Nc8 26. Be3 Red8 27. Rcd2 b6
28. f5 exf5 29. exf5 Ne7 30. fxg6 hxg6 31. Qf3 Nf5 32. Bg5 Re8 33. g4 Nh7 34.
Bf4 Nh4 35. Qc6 Rc7 36. Qxd6 Qb7+ 37. Qd5 Qxd5+ 38. Nxd5 Rb7 39. Nec3 Nf3 40.
Rd3 Nfg5 41. Nc7 Rf8 42. N3d5 Ne4 43. Kg2 Nc5 44. Re3 Nf6 45. Nxf6+ Bxf6 46.
Nd5 Bb2 47. Bd6 Ra8 48. Nxb6 Rxb6 49. Bxc5 Rb7 50. a5 Rab8 51. Bb6 Ba3 52. Rd5
Rc8 53. g5 Bc1 54. Red3 Bb2 55. Rd8+ Rxd8 56. Rxd8+ Kg7 57. c5 1-0

[Event "Sparkassen-Open A"]
[Site "Heusenstamm, Martinsee"]
[Date "2018.11.23"]
[Round "2.12"]
[White "Braun, Michael"]
[Black "Geske, Julian"]
[Result "1/2-1/2"]
[WhiteElo "2070"]
[BlackElo "2382"]
[PlyCount "75"]
[EventDate "2018.??.??"]
[WhiteTeam "SG BÃ¼chenbach/Roth"]
[BlackTeam "Wiesbadener SV"]

1. d4 d5 2. Bf4 Nf6 3. e3 Bf5 4. c4 c6 5. Nc3 Qb6 6. Qb3 Nbd7 7. c5 Qxb3 8.
axb3 e5 9. dxe5 Ng4 10. b4 Ngxe5 11. Nf3 Nd3+ 12. Bxd3 Bxd3 13. Kd2 Bg6 14. Nd4
Be7 15. h4 h6 16. h5 Bh7 17. g4 O-O 18. Nce2 a5 19. Rxa5 Rxa5 20. bxa5 Nxc5 21.
Ra1 Ne4+ 22. Ke1 Ra8 23. Bc7 Rc8 24. Bf4 Nc5 25. Nc1 Kf8 26. Ke2 Ke8 27. Ndb3
Ne6 28. Be5 f6 29. Bc3 f5 30. Nd4 Nxd4+ 31. Bxd4 Bf8 32. a6 bxa6 33. Rxa6 Kd7
34. Ra7+ Rc7 35. Ra8 Rc8 36. Ra7+ Rc7 37. Ra8 Rc8 38. Ra7+ 1/2-1/2

[Event "Sparkassen-Open A"]
[Site "Heusenstamm, Martinsee"]
[Date "2018.11.23"]
[Round "2.13"]
[White "Hacker, Jonas"]
[Black "Foermes, Alexander"]
[Result "1-0"]
[WhiteElo "2350"]
[BlackElo "2061"]
[PlyCount "83"]
[EventDate "2018.??.??"]
[WhiteTeam "SC Eppingen"]
[BlackTeam "SK Marburg"]

1. e4 c6 2. d4 d5 3. Nd2 dxe4 4. Nxe4 Bf5 5. Ng3 Bg6 6. Nf3 e6 7. Ne5 Nd7 8.
Nxg6 hxg6 9. Ne4 Ngf6 10. Bd3 Qb6 11. c3 c5 12. dxc5 Nxc5 13. Nxf6+ gxf6 14.
Bc2 Rd8 15. Qe2 Qd6 16. h3 Nd3+ 17. Bxd3 Qxd3 18. Qxd3 Rxd3 19. Be3 a6 20. Bd4
e5 21. Ke2 e4 22. Bxf6 Rh5 23. Bd4 Bc5 24. Bxc5 Rxc5 25. Rhd1 Rb5 26. Rab1 Rxd1
27. Kxd1 Rg5 28. g3 e3 29. Ke2 exf2 30. Kxf2 Ra5 31. Re1+ Kd7 32. a3 Rh5 33.
Kg2 Rd5 34. Kf3 Rd2 35. Re2 Rd3+ 36. Re3 Rd2 37. b4 b5 38. Ke4 Ke6 39. Kf4+ Kf6
40. h4 Rd1 41. Rf3 Rd2 42. Ke3+ 1-0

[Event "Sparkassen-Open A"]
[Site "Heusenstamm, Martinsee"]
[Date "2018.11.23"]
[Round "2.15"]
[White "Baskin, Robert"]
[Black "Vlassis, Georgios"]
[Result "1-0"]
[WhiteElo "2354"]
[BlackElo "2053"]
[PlyCount "123"]
[EventDate "2018.??.??"]
[WhiteTeam "SV Griesheim"]
[BlackTeam "CCS of Thessaloniki"]

1. e4 c5 2. Nf3 a6 3. c3 d6 4. d4 b6 5. Bd3 Qc7 6. O-O Nd7 7. Nbd2 Bb7 8. a4
Ngf6 9. Re1 e6 10. d5 e5 11. b4 Be7 12. Nf1 O-O 13. Ng3 Rfc8 14. Nf5 Bf8 15.
Bd2 Ne8 16. Rc1 Ndf6 17. h3 Kh8 18. Nh2 g6 19. Nh6 Ng8 20. Nxg8 Kxg8 21. f4
exf4 22. Bxf4 Bg7 23. Nf3 Nf6 24. Nd2 cxb4 25. cxb4 Qxc1 26. Qxc1 Rxc1 27. Rxc1
Ne8 28. Be3 b5 29. axb5 axb5 30. Bxb5 Nf6 31. Rc7 Bxd5 32. Bd3 Be6 33. b5 Nd7
34. b6 Nc5 35. b7 Rb8 36. Bxc5 dxc5 37. Ba6 Be5 38. Rc8+ Kg7 39. Nf3 Bg3 40. e5
Bxc8 41. bxc8=Q Rxc8 42. Bxc8 h5 43. Kf1 Kf8 44. Ke2 Ke7 45. Kd3 g5 46. Nxg5
Bxe5 47. Ne4 Kf8 48. Nxc5 Kg7 49. Ne4 Kg6 50. Nd2 Bd6 51. Ke4 Bc7 52. Bd7 Bb8
53. Nf3 Bc7 54. Bb5 Bb8 55. Bd3 Kf6 56. Kd5 Bg3 57. Kc6 Ke7 58. Be2 Kf6 59. Kd7
Kf5 60. Nd4+ Kg5 61. Ke7 f5 62. Ke6 1-0

[Event "Sparkassen-Open A"]
[Site "Heusenstamm, Martinsee"]
[Date "2018.11.23"]
[Round "2.16"]
[White "StÃ¼mer, Paul"]
[Black "Gschnitzer, Adrian"]
[Result "0-1"]
[WhiteElo "2074"]
[BlackElo "2365"]
[PlyCount "60"]
[EventDate "2018.??.??"]
[WhiteTeam "SV Bergneustadt/Derschlag"]
[BlackTeam "SV Walldorf"]

1. Nf3 Nf6 2. c4 c5 3. e3 e6 4. Nc3 Nc6 5. a3 d5 6. d4 a6 7. cxd5 exd5 8. Be2
Be7 9. O-O O-O 10. dxc5 Bxc5 11. b4 Ba7 12. Bb2 Re8 13. Rc1 Qd6 14. Rc2 Bg4 15.
Rd2 Rad8 16. Nd4 Bb8 17. g3 Bh3 18. Bf3 Bxf1 19. Qxf1 Ne5 20. Be2 Ba7 21. Rd1
Qc7 22. a4 Bxd4 23. Rxd4 Nc6 24. Rf4 d4 25. exd4 Nxb4 26. d5 Nbxd5 27. Nxd5
Rxd5 28. Bc4 Rd6 29. h4 Qc6 30. h5 Re4 0-1

[Event "Sparkassen-Open A"]
[Site "Heusenstamm, Martinsee"]
[Date "2018.11.23"]
[Round "2.17"]
[White "Paszewski, Mateusz"]
[Black "Bordin, Igor"]
[Result "1/2-1/2"]
[WhiteElo "2355"]
[BlackElo "2051"]
[PlyCount "119"]
[EventDate "2018.??.??"]
[WhiteTeam "vereinslos"]
[BlackTeam "SC Fehrbach"]

1. e4 e5 2. Bc4 Nf6 3. d3 Bc5 4. Nf3 d6 5. c3 O-O 6. O-O h6 7. h3 Nc6 8. a4 a6
9. Nbd2 Ba7 10. Re1 Re8 11. Qc2 Be6 12. Bxe6 Rxe6 13. b4 Re8 14. Nb3 Nh5 15. b5
Ne7 16. d4 Ng6 17. Be3 Nhf4 18. bxa6 bxa6 19. Na5 c5 20. Nc6 Qc7 21. d5 Nh5 22.
Qe2 Nf6 23. Nd2 Bb8 24. Reb1 Ne7 25. Nxe7+ Qxe7 26. f3 Bc7 27. g4 Nd7 28. Rb7
Ba5 29. Rc1 Reb8 30. Rxb8+ Nxb8 31. Nc4 Bc7 32. Rb1 Ra7 33. Qd1 Qe8 34. Kg2 Nd7
35. h4 Qd8 36. h5 Nb6 37. Nxb6 Bxb6 38. Qb3 Bc7 39. Qc4 Ba5 40. Rb3 Qc7 41. Kf1
Rb7 42. Ke2 Qb8 43. Rxb7 Qxb7 44. Bd2 Kf8 45. Qa2 Ke8 46. Kd1 Kd8 47. Kc2 Kc8
48. Qc4 Bd8 49. Qf1 Qb6 50. Qb1 Qa7 51. Qb3 Qd7 52. c4 Qe7 53. a5 Bc7 54. Qa4
Qd7 55. Qxd7+ Kxd7 56. Kd3 Bd8 57. Ke2 Bg5 58. Bxg5 hxg5 59. Kf2 Ke7 60. Kg3
1/2-1/2

[Event "Sparkassen-Open A"]
[Site "Heusenstamm, Martinsee"]
[Date "2018.11.23"]
[Round "2.18"]
[White "SurÃ¡nyi, PÃ¡l"]
[Black "Khaetsky, Roman"]
[Result "0-1"]
[WhiteElo "2061"]
[BlackElo "2347"]
[PlyCount "68"]
[EventDate "2018.??.??"]
[WhiteTeam "SC Remagen-Sinzig"]
[BlackTeam "Gambit Kiev"]

1. d4 f5 2. e4 fxe4 3. Nc3 Nf6 4. Bg5 Nc6 5. d5 Ne5 6. Qe2 c6 7. f4 exf3 8.
gxf3 Nf7 9. h4 Nxd5 10. Nxd5 cxd5 11. O-O-O Qa5 12. Nh3 Qxa2 13. Nf4 Qa1+ 14.
Kd2 Qa5+ 15. Kc1 e6 16. Kb1 Bd6 17. Nh5 Bf8 18. Bd2 Qc5 19. Bh3 d4 20. f4 Kd8
21. Bxe6 Nd6 22. Bg4 b6 23. f5 Bb7 24. Bf3 Kc7 25. Bf4 Rc8 26. Bxb7 Kxb7 27.
Ng3 Rc6 28. Bxd6 Bxd6 29. Ne4 Qd5 30. Nxd6+ Rxd6 31. Rhf1 Rc8 32. Rd3 Rdc6 33.
Rd2 Rxc2 34. Rxc2 d3 0-1

[Event "Sparkassen-Open A"]
[Site "Heusenstamm, Martinsee"]
[Date "2018.11.23"]
[Round "2.19"]
[White "Muckle, Julius"]
[Black "KÃ¶llner, Aaron Noah"]
[Result "1-0"]
[WhiteElo "2344"]
[BlackElo "2019"]
[PlyCount "99"]
[EventDate "2018.??.??"]
[WhiteTeam "SK Ludwigshafen"]
[BlackTeam "SG Bochum"]

1. d4 d5 2. c4 c6 3. Nc3 dxc4 4. a4 e5 5. e3 exd4 6. exd4 Be6 7. Nf3 Be7 8. Be2
Nd7 9. O-O a5 10. d5 cxd5 11. Nxd5 Rc8 12. Nf4 Nc5 13. Nxe6 Nxe6 14. Qc2 Qc7
15. b3 c3 16. Bb5+ Kf8 17. Bc4 Bf6 18. Re1 Ne7 19. Ba3 Nc5 20. Rad1 g6 21. Nd4
Qb6 22. Nb5 Rc6 23. Nxc3 Kg7 24. Ne4 Nxe4 25. Qxe4 Re8 26. Rd7 Rc7 27. Rxc7
Qxc7 28. Bb5 Kf8 29. Rc1 Qe5 30. Qxe5 Bxe5 31. Bxe8 Kxe8 32. Bxe7 Kxe7 33. Rc5
Kd6 34. Rxa5 Bc3 35. Rb5 Kc6 36. Kf1 f6 37. Ke2 b6 38. Kd3 Be1 39. f3 h5 40.
Kc4 h4 41. b4 Bd2 42. a5 Be3 43. a6 Bg1 44. h3 Bf2 45. Rd5 Be3 46. b5+ Kc7 47.
Rd8 Kxd8 48. a7 Ke7 49. a8=Q f5 50. Qh8 1-0

[Event "Sparkassen-Open A"]
[Site "Heusenstamm, Martinsee"]
[Date "2018.11.23"]
[Round "2.20"]
[White "Oparaugo, Thomas"]
[Black "Krastev, Alexander"]
[Result "1/2-1/2"]
[WhiteElo "2052"]
[BlackElo "2342"]
[PlyCount "88"]
[EventDate "2018.??.??"]
[WhiteTeam "SV Oberursel"]
[BlackTeam "Biebertaler SF"]

1. e4 c5 2. Nf3 g6 3. d4 cxd4 4. Nxd4 Bg7 5. c4 Nc6 6. Nc2 d6 7. Be2 Nf6 8. Nc3
Nd7 9. O-O Nc5 10. Bd2 O-O 11. f3 a5 12. Rb1 f5 13. exf5 Bxf5 14. g4 Bxc2 15.
Qxc2 e6 16. Nb5 Nd4 17. Nxd4 Bxd4+ 18. Kg2 Qd7 19. Bh6 Rf7 20. Rbd1 e5 21. Bd3
Qe7 22. Bc1 Rc8 23. b3 a4 24. Bb2 axb3 25. axb3 Bxb2 26. Qxb2 Rcf8 27. Be4 Nxe4
28. fxe4 Qh4 29. Qe2 Rf2+ 30. Rxf2 Rxf2+ 31. Qxf2 Qxg4+ 32. Qg3 Qxd1 33. Qh4
Qe2+ 34. Kg1 Qe3+ 35. Kg2 Qb6 36. Qe7 h5 37. Qe8+ Kg7 38. Qe7+ Kg8 39. Qe8+ Kg7
40. Qe7+ Kh6 41. h4 Qe3 42. Qf8+ Kh7 43. Qf7+ Kh6 44. Qf8+ Kh7 1/2-1/2

[Event "Sparkassen-Open A"]
[Site "Heusenstamm, Martinsee"]
[Date "2018.11.23"]
[Round "2.21"]
[White "Klundt, Klaus"]
[Black "Von Auer, Ulrich"]
[Result "1/2-1/2"]
[WhiteElo "2313"]
[BlackElo "2042"]
[PlyCount "75"]
[EventDate "2018.??.??"]
[WhiteTeam "SC Heusenstamm"]
[BlackTeam "SF Frankfurt"]

1. e4 e6 2. d4 d5 3. Nd2 Be7 4. Ngf3 Nf6 5. e5 Nfd7 6. Bd3 c5 7. c3 Nc6 8. O-O
a5 9. Qe2 cxd4 10. cxd4 g5 11. Qe3 Qb6 12. h3 h5 13. Nxg5 Bxg5 14. Qxg5 Qxd4
15. Bb5 Qxe5 16. Qxe5 Ndxe5 17. f4 Ng6 18. Nf3 O-O 19. f5 exf5 20. Bh6 Rd8 21.
Bg5 Rd6 22. Nh4 f6 23. Bf4 Nxf4 24. Rxf4 Bd7 25. Be2 Re8 26. Bxh5 Re4 27. Raf1
Nd4 28. g3 Ne2+ 29. Bxe2 Rxe2 30. R1f2 Re1+ 31. Rf1 Rxf1+ 32. Kxf1 Rc6 33. Nxf5
Rc1+ 34. Kf2 Rc2+ 35. Ke3 Rxb2 36. Ne7+ Kf7 37. Nxd5 Bxh3 38. Rxf6+ 1/2-1/2

[Event "Sparkassen-Open A"]
[Site "Heusenstamm, Martinsee"]
[Date "2018.11.23"]
[Round "2.22"]
[White "Huschens, Matthias"]
[Black "Neukirchner, Pascal"]
[Result "1/2-1/2"]
[WhiteElo "1989"]
[BlackElo "2305"]
[PlyCount "92"]
[EventDate "2018.??.??"]
[WhiteTeam "SG Kaiserslautern"]
[BlackTeam "SK GrÃ¼ndau"]

1. d4 Nf6 2. Nf3 c5 3. c3 d5 4. Bf4 Nc6 5. e3 Qb6 6. Qb3 c4 7. Qc2 Bf5 8. Qc1
h6 9. h3 e6 10. Nbd2 Be7 11. Be2 O-O 12. b3 cxb3 13. axb3 Rfc8 14. Qb2 Nb4 15.
O-O Nd3 16. Bxd3 Bxd3 17. Rfc1 Nd7 18. Ne5 Nxe5 19. Bxe5 a5 20. Qa2 Qa6 21. c4
Bb4 22. c5 b6 23. Bd6 bxc5 24. Bxc5 Bxc5 25. Rxc5 Rxc5 26. dxc5 Qb5 27. Qa3 f6
28. Nf3 e5 29. c6 Qxc6 30. b4 Be4 31. bxa5 Bxf3 32. gxf3 Ra6 33. Rb1 Qe6 34.
Rb8+ Kh7 35. Rb7 Ra8 36. Kh2 e4 37. fxe4 Qe5+ 38. Kg1 dxe4 39. Qe7 Qa1+ 40. Kg2
f5 41. Ra7 Rc8 42. Rc7 Ra8 43. Ra7 Rb8 44. Qf7 Rb5 45. Ra6 Rxa5 46. Qg6+ Kh8
1/2-1/2

[Event "Sparkassen-Open A"]
[Site "Heusenstamm, Martinsee"]
[Date "2018.11.23"]
[Round "2.23"]
[White "Euler, Gerd"]
[Black "Bethke, Robert"]
[Result "1-0"]
[WhiteElo "2297"]
[BlackElo "2036"]
[PlyCount "67"]
[EventDate "2018.??.??"]
[WhiteTeam "SSG Hungen-Lich"]
[BlackTeam "SF Neuberg"]

1. e4 e5 2. Nf3 Nf6 3. Nxe5 d6 4. Nf3 Nxe4 5. d4 d5 6. Bd3 Be7 7. O-O O-O 8. c4
Be6 9. Re1 f5 10. Nc3 c6 11. Qb3 Qb6 12. Qc2 Nd7 13. Ne2 Kh8 14. Nf4 Bf7 15.
Ne5 Nxe5 16. dxe5 Bc5 17. Be3 Bxe3 18. Rxe3 dxc4 19. Bxe4 fxe4 20. e6 Bg8 21.
Rxe4 Rae8 22. Rae1 Rf6 23. g3 Qb4 24. h4 b5 25. R1e3 Qd6 26. Qe2 g6 27. Qg4 Qf8
28. h5 gxh5 29. Qxh5 Re7 30. Qe5 Qh6 31. Qc5 Qf8 32. Nh5 Rxf2 33. Qe5+ Rg7 34.
Qxg7+ 1-0

[Event "Sparkassen-Open A"]
[Site "Heusenstamm, Martinsee"]
[Date "2018.11.23"]
[Round "2.24"]
[White "Hesse, Henrik"]
[Black "Weiss, Matthias"]
[Result "1-0"]
[WhiteElo "2272"]
[BlackElo "2032"]
[PlyCount "67"]
[EventDate "2018.??.??"]
[WhiteTeam "SV Mattnetz Berlin"]
[BlackTeam "SF SchÃ¶neck"]

1. c4 e5 2. g3 Nf6 3. Bg2 d5 4. cxd5 Nxd5 5. Nc3 Nb6 6. Nf3 Nc6 7. d3 Be7 8. a3
O-O 9. O-O Be6 10. Be3 Nd5 11. Nxd5 Bxd5 12. Rc1 f6 13. Qa4 Qd7 14. Qb5 Rfd8
15. Kh1 a6 16. Qa4 Nd4 17. Qxd7 Rxd7 18. Bxd4 exd4 19. Bh3 Rdd8 20. Rxc7 Bd6
21. Rc2 Bxf3+ 22. exf3 Re8 23. Rfc1 Kf7 24. Bc8 Rb8 25. Rc4 Re2 26. Rxd4 Be5
27. Rd7+ Kg6 28. f4 Bxb2 29. Rcc7 f5 30. d4 Kh6 31. Rd6+ g6 32. Rdd7 Kh5 33.
Rxh7+ Kg4 34. Kg2 1-0

[Event "Sparkassen-Open A"]
[Site "Heusenstamm, Martinsee"]
[Date "2018.11.23"]
[Round "2.25"]
[White "Mischke, Gabriel"]
[Black "Hahn, Markus"]
[Result "0-1"]
[WhiteElo "2036"]
[BlackElo "2271"]
[PlyCount "68"]
[EventDate "2018.??.??"]
[WhiteTeam "TSV Schott Mainz"]
[BlackTeam "SVG Caissa Kassel"]

1. e4 c5 2. c3 b6 3. Nf3 Bb7 4. Bc4 e6 5. Qe2 Nf6 6. e5 Nd5 7. d4 cxd4 8. Nxd4
Be7 9. O-O O-O 10. Rd1 Qe8 11. Nb5 Na6 12. N1a3 f5 13. Bxd5 Bxd5 14. Nc4 f4 15.
f3 Qb8 16. Ncd6 Nc7 17. c4 Nxb5 18. Nxb5 Bc6 19. Nd6 Bxd6 20. exd6 Rf5 21. b4
b5 22. c5 a5 23. Bd2 axb4 24. Bxb4 Qe8 25. a3 Qh5 26. Rd3 Raf8 27. h3 R8f6 28.
Kh2 Rg6 29. Rd4 Rg3 30. Rxf4 Rxh3+ 31. gxh3 Rxf4 32. Rg1 Rxf3 33. Rg3 Rxg3 34.
Qxh5 Rg2+ 0-1

[Event "Sparkassen-Open A"]
[Site "Heusenstamm, Martinsee"]
[Date "2018.11.23"]
[Round "2.26"]
[White "Schultze, JÃ¶rg-Martin"]
[Black "Heimrath, Reiner"]
[Result "0-1"]
[WhiteElo "2027"]
[BlackElo "2262"]
[PlyCount "70"]
[EventDate "2018.??.??"]
[WhiteTeam "SF Anderssen Wetzlar"]
[BlackTeam "SC Noris-Tarrasch NÃ¼rnberg"]

1. d4 Nf6 2. c4 g6 3. Nc3 Bg7 4. e4 d6 5. Be2 O-O 6. Be3 Na6 7. g4 Nd7 8. Nf3
e5 9. d5 Ndc5 10. Rg1 c6 11. Qd2 Qa5 12. Kf1 Nb3 13. axb3 Qxa1+ 14. Kg2 Qa5 15.
Kh1 Qc7 16. h4 Qe7 17. h5 Nc5 18. Bd1 a5 19. Rg2 Bd7 20. Bh6 Bxh6 21. Qxh6 Qf6
22. Qe3 Qf4 23. Qxf4 exf4 24. Ne1 Rfe8 25. f3 Kh8 26. g5 gxh5 27. Rh2 Re5 28.
Ne2 cxd5 29. cxd5 Rxg5 30. Nxf4 Bb5 31. Nxh5 Rag8 32. Ng2 Bf1 33. Nhf4 Nd3 34.
Be2 Bxg2+ 35. Nxg2 Ne1 0-1

[Event "Sparkassen-Open A"]
[Site "Heusenstamm, Martinsee"]
[Date "2018.11.23"]
[Round "2.27"]
[White "KÃ¶llner, Ruben Gideon"]
[Black "Trumpp, Lothar"]
[Result "1-0"]
[WhiteElo "2238"]
[BlackElo "2004"]
[PlyCount "69"]
[EventDate "2018.??.??"]
[WhiteTeam "SG Bochum"]
[BlackTeam "VSG Offenbach"]

1. d4 Nf6 2. Bg5 d6 3. Bxf6 exf6 4. g3 f5 5. e3 Nd7 6. Bg2 Nf6 7. Qd3 g6 8. Ne2
Rb8 9. c4 Bg7 10. Nbc3 O-O 11. O-O Re8 12. b4 c6 13. a4 Qc7 14. a5 b6 15. b5
Bd7 16. axb6 axb6 17. Nf4 Rec8 18. bxc6 Bxc6 19. Nb5 Bxb5 20. cxb5 Qc2 21. Bc6
Qxd3 22. Nxd3 Ne8 23. Nb4 Rd8 24. Ra7 Nf6 25. Bd5 Nxd5 26. Nxd5 Kf8 27. Rc1 Ra8
28. Rxa8 Rxa8 29. Nxb6 Ra5 30. Rb1 Ke7 31. Nd5+ Kd7 32. b6 Kc8 33. b7+ Kb8 34.
Ne7 Ra6 35. d5 1-0

[Event "Sparkassen-Open A"]
[Site "Heusenstamm, Martinsee"]
[Date "2018.11.23"]
[Round "2.28"]
[White "Hoffmann, Matthias"]
[Black "Kersten, Uwe"]
[Result "1-0"]
[WhiteElo "2024"]
[BlackElo "2233"]
[PlyCount "55"]
[EventDate "2018.??.??"]
[WhiteTeam "SV Wiehl"]
[BlackTeam "Bad Emstal"]

1. e4 c5 2. Nf3 d6 3. d4 cxd4 4. Nxd4 Nf6 5. Nc3 a6 6. h3 e6 7. g4 h6 8. Bg2 g5
9. Qe2 Nbd7 10. Rf1 Be7 11. Be3 Ne5 12. f4 gxf4 13. Rxf4 b5 14. O-O-O b4 15.
Nb1 Bb7 16. Rdf1 Rc8 17. Nd2 Nfd7 18. Kb1 Bg5 19. R4f2 Bxe3 20. Qxe3 Qb6 21.
Re1 Nc4 22. Nxc4 Rxc4 23. Nf5 Rc5 24. Qd4 Rh7 25. Qxd6 Rxf5 26. Qxb6 Nxb6 27.
exf5 Bxg2 28. fxe6 1-0

[Event "Sparkassen-Open A"]
[Site "Heusenstamm, Martinsee"]
[Date "2018.11.23"]
[Round "2.29"]
[White "de Visser, Leon"]
[Black "Pauls, Wilhelm"]
[Result "1-0"]
[WhiteElo "2230"]
[BlackElo "2024"]
[PlyCount "79"]
[EventDate "2018.??.??"]
[WhiteTeam "SV Griesheim"]
[BlackTeam "SG Kaarst"]

1. c4 c5 2. g3 b6 3. Bg2 Nc6 4. Nf3 Bb7 5. Nc3 Nf6 6. O-O g6 7. d4 cxd4 8. Nxd4
Bg7 9. Nc2 Na5 10. e4 d6 11. b3 O-O 12. Rb1 a6 13. Bb2 e6 14. Ne3 Qc7 15. Qe2
Rfe8 16. Rfc1 Rac8 17. Ba3 Nc6 18. Qd2 Red8 19. Ncd5 exd5 20. cxd5 Qd7 21. dxc6
Bxc6 22. Nd5 Bxd5 23. exd5 Qf5 24. Qf4 Qxf4 25. gxf4 Ne8 26. Rc6 Rxc6 27. dxc6
Nc7 28. Rd1 d5 29. Be7 Re8 30. Bd6 Nb5 31. Rxd5 Re1+ 32. Bf1 Rc1 33. Bb4 Bf6
34. Kg2 Nc7 35. Rd6 Be7 36. Rd7 Bxb4 37. Rxc7 g5 38. Bc4 Bd6 39. Rd7 Bxf4 40.
c7 1-0

[Event "Sparkassen-Open A"]
[Site "Heusenstamm, Martinsee"]
[Date "2018.11.23"]
[Round "2.30"]
[White "Hehn, Hartmut"]
[Black "Wolf, Ulrich Martin"]
[Result "1/2-1/2"]
[WhiteElo "2016"]
[BlackElo "2221"]
[PlyCount "145"]
[EventDate "2018.??.??"]
[WhiteTeam "SV Ebersbach"]
[BlackTeam "SC Hansa Dortmund"]

1. e4 c5 2. Nf3 Nc6 3. d4 cxd4 4. Nxd4 e5 5. Nb5 d6 6. c4 Be7 7. N5c3 Nf6 8.
Bd3 O-O 9. O-O Nd7 10. Nd5 Bg5 11. Nbc3 Nc5 12. b4 Bxc1 13. Rxc1 Ne6 14. Re1
Ncd4 15. Re3 Bd7 16. Nb5 a5 17. Nxd6 axb4 18. Nf5 Rxa2 19. Nxb4 Rb2 20. Nd5 Bc6
21. Nfe7+ Kh8 22. Qh5 g6 23. Qxe5+ f6 24. Qg3 Qe8 25. Qd6 Qd7 26. Qg3 Rd2 27.
Bf1 Nc5 28. Qf4 Nde6 29. Qh6 Qe8 30. Rh3 Ng5 31. Rh4 Nce6 32. f4 Bxd5 33. fxg5
Qxe7 34. exd5 Nxg5 35. Re1 Qc5+ 36. Kh1 Rg8 37. Rf4 Rf2 38. Qh4 Rxf4 39. Qxf4
Kg7 40. Rb1 Qe7 41. d6 Qd7 42. c5 Rc8 43. Bb5 Qd8 44. Qe3 b6 45. Qe7+ Nf7 46.
Qxd8 Rxd8 47. Bc4 Nxd6 48. cxd6 Rxd6 49. h3 f5 50. Rb5 Kf6 51. Kh2 h6 52. Bd5
Ke5 53. Bf7+ Kf4 54. Rb4+ Ke5 55. Kg3 Kf6 56. Bc4 Ke5 57. Be2 Kf6 58. h4 Ke5
59. Bf3 Kf6 60. Rb5 Ke6 61. Kf2 Kf6 62. Ke3 Ke6 63. g3 Kf6 64. Kf4 Rd4+ 65. Ke3
Rd6 66. Bd5 Ke5 67. Bc4+ Kf6 68. Rd5 Rxd5 69. Bxd5 Ke5 70. Bf7 g5 71. hxg5 hxg5
72. Kf3 f4 73. gxf4+ 1/2-1/2

[Event "Sparkassen-Open A"]
[Site "Heusenstamm, Martinsee"]
[Date "2018.11.23"]
[Round "2.31"]
[White "Yankelevich, Michael"]
[Black "Siddharth, Jagadeesh"]
[Result "0-1"]
[WhiteElo "1978"]
[BlackElo "2215"]
[PlyCount "76"]
[EventDate "2018.??.??"]
[WhiteTeam "SG Trier"]
[BlackTeam "Singapore"]
[BlackTeamCountry "SIN"]

1. e4 c6 2. d4 d5 3. Nc3 dxe4 4. Nxe4 Nd7 5. Nf3 Ngf6 6. Nxf6+ Nxf6 7. Bd3 Bg4
8. c3 e6 9. O-O Be7 10. Bg5 O-O 11. Bc2 Qb6 12. b3 c5 13. Qd3 Bf5 14. Qe2 Bxc2
15. Qxc2 Rac8 16. Qd3 cxd4 17. cxd4 h6 18. Bh4 Qa5 19. Qe2 Qc3 20. Rad1 Rfd8
21. Rfe1 Nd5 22. Bxe7 Nxe7 23. Ne5 Qc7 24. Nxf7 Kxf7 25. Qxe6+ Kf8 26. Rd3 Ng8
27. d5 Qd6 28. Rf3+ Nf6 29. Qf5 Qxd5 30. Qg6 Qg5 31. Qh7 Kf7 32. Qe4 Qd5 33.
Qe7+ Kg8 34. Rg3 Qf7 35. Qb4 Re8 36. Rd1 Qe7 37. Qb5 Rc5 38. Qb4 Rd5 0-1

[Event "Sparkassen-Open A"]
[Site "Heusenstamm, Martinsee"]
[Date "2018.11.23"]
[Round "2.32"]
[White "Lisanti, Andre"]
[Black "Pfeffer, Marko"]
[Result "1-0"]
[WhiteElo "2209"]
[BlackElo "2016"]
[PlyCount "77"]
[EventDate "2018.??.??"]
[WhiteTeam "TSV Schott Mainz"]
[BlackTeam "SC Bergen-Enkheim"]

1. Nf3 f5 2. g3 Nf6 3. Bg2 d6 4. d4 e6 5. c3 c6 6. O-O Be7 7. Qb3 O-O 8. Nh4
Ne4 9. Nxf5 Rxf5 10. Bxe4 Rf7 11. Qc2 g6 12. Nd2 Nd7 13. Bg2 e5 14. d5 c5 15.
a4 Nf6 16. Nc4 Nh5 17. a5 Bf6 18. b4 cxb4 19. cxb4 Rc7 20. Qb3 Qe7 21. b5 e4
22. Ra2 Bd4 23. Ba3 Bc5 24. Bb2 Bg4 25. Ba1 Rac8 26. Ne3 Bf5 27. Ra4 Qg5 28.
Bxe4 Bh3 29. Ng2 Bd7 30. Qb2 Kf7 31. Bf3 Rg8 32. Rh4 b6 33. a6 Rcc8 34. Qb1 Bf5
35. e4 Bd7 36. Qd3 h6 37. Qe2 Ng7 38. Rf4+ Ke8 39. Bf6 1-0

[Event "Sparkassen-Open A"]
[Site "Heusenstamm, Martinsee"]
[Date "2018.11.23"]
[Round "2.33"]
[White "Ã–zdemir, Ali Ã–zden"]
[Black "Mesias Rojas, Rabindranath"]
[Result "1-0"]
[WhiteElo "1972"]
[BlackElo "2205"]
[PlyCount "91"]
[EventDate "2018.??.??"]
[WhiteTeam "SK Langen"]
[BlackTeam "AJEZA"]

1. e4 g6 2. d4 c6 3. Nc3 d5 4. e5 Bg7 5. Nf3 Bg4 6. Be2 f6 7. exf6 exf6 8. O-O
Ne7 9. Ne1 Be6 10. Nd3 O-O 11. Re1 Bf7 12. Bf1 Na6 13. a4 Nf5 14. Nf4 Nc7 15.
a5 Re8 16. Rxe8+ Qxe8 17. Na4 g5 18. Ne2 Ne6 19. c3 Bf8 20. b4 Bd6 21. Nc5 b6
22. axb6 axb6 23. Nd7 Kg7 24. Rxa8 Qxa8 25. Nxb6 Qb8 26. Nd7 Qc7 27. Nc5 Bxh2+
28. Kh1 Bd6 29. Qd3 Nh6 30. Qf3 Qe7 31. Kg1 f5 32. Ng3 f4 33. Nh5+ Kg8 34. Nd7
Nf8 35. Ndf6+ Kh8 36. Qe2 Be6 37. c4 Nd7 38. cxd5 cxd5 39. Qa6 Bxb4 40. Nxd5
Bxd5 41. Qxh6 Bd6 42. Bd2 Nf8 43. Nf6 Bf7 44. Bc3 Qc7 45. Ne4 Ng6 46. Nxd6 1-0

[Event "Sparkassen-Open A"]
[Site "Heusenstamm, Martinsee"]
[Date "2018.11.23"]
[Round "2.34"]
[White "Hebbering, Tom Elliot"]
[Black "Scharrer, Udo"]
[Result "1-0"]
[WhiteElo "2199"]
[BlackElo "2014"]
[PlyCount "115"]
[EventDate "2018.??.??"]
[WhiteTeam "SK Gernsheim"]
[BlackTeam "SV Dicker Turm Esslingen"]

1. d4 Nf6 2. c4 g6 3. g3 Bg7 4. Bg2 O-O 5. Nc3 d6 6. Nf3 Nc6 7. O-O a6 8. b3
Rb8 9. d5 Na5 10. Bg5 h6 11. Bd2 c5 12. dxc6 Nxc6 13. Rc1 Bd7 14. Nd5 Ne4 15.
Be3 b5 16. Nd4 Nxd4 17. Bxd4 Bxd4 18. Qxd4 Nc5 19. Qe3 Kh7 20. Qxe7 Qxe7 21.
Nxe7 bxc4 22. Rxc4 Bb5 23. Rc2 Rbe8 24. Nd5 Rxe2 25. Rxe2 Bxe2 26. Re1 Bb5 27.
Nc3 Bd3 28. Rd1 a5 29. Bf1 Bxf1 30. Kxf1 Rd8 31. Rd4 Kg7 32. Ne4 Nb7 33. Rd5
Re8 34. Nd2 Re5 35. Rxe5 dxe5 36. Nc4 Kf6 37. Ke2 Ke6 38. f3 f6 39. Kd3 h5 40.
Kc3 Kd5 41. a3 f5 42. Ne3+ Kc5 43. b4+ axb4+ 44. axb4+ Kc6 45. f4 exf4 46. gxf4
Nd6 47. Kd4 Nf7 48. Nc4 Kb5 49. Ne5 Nh6 50. h3 Kxb4 51. Nxg6 Kb3 52. Ke5 Kc3
53. Kf6 Kd4 54. Kg7 Ng4 55. hxg4 hxg4 56. Kf6 g3 57. Nh4 Ke4 58. Kg5 1-0

[Event "Sparkassen-Open A"]
[Site "Heusenstamm, Martinsee"]
[Date "2018.11.23"]
[Round "2.35"]
[White "Rettig, Helge"]
[Black "Bethke, Richard"]
[Result "0-1"]
[WhiteElo "2007"]
[BlackElo "2192"]
[PlyCount "62"]
[EventDate "2018.??.??"]
[WhiteTeam "SF Verl"]
[BlackTeam "SF Neuberg"]

1. d4 Nf6 2. c4 e6 3. Nc3 Bb4 4. Qc2 O-O 5. a3 Bxc3+ 6. Qxc3 Ne4 7. Qc2 f5 8.
e3 b6 9. Ne2 Bb7 10. f3 Qh4+ 11. g3 Qe7 12. Bg2 Nf6 13. O-O c5 14. b3 Nc6 15.
Bb2 Rac8 16. Qd2 Na5 17. Nc1 d5 18. Bc3 cxd4 19. Bxa5 bxa5 20. exd4 dxc4 21.
Qxa5 Bd5 22. b4 c3 23. Re1 Bc4 24. Bf1 Bd5 25. Bg2 Qb7 26. Nd3 Bxf3 27. Nc5 Qd5
28. Bxf3 Qxf3 29. Rxe6 Qd5 30. Rae1 Ne4 31. Re2 Rxc5 0-1